The Clash ~ London Calling (All Lyrics) - Statistics

General Stats
  • This quiz has been taken 224 times
  • The average score is 196 of 272
Answer Stats
Answers % Correct
calling
100%
calling)
100%
London
100%
(London
100%
a
99%
I
99%
the
97%
and
96%
to
96%
is
93%
by
88%
river
87%
no
86%
you
86%
live
85%
of
82%
out
82%
come
77%
it
77%
so
77%
in
76%
war
76%
we
76%
faraway
75%
me
75%
down
73%
coming
72%
girls
71%
go
71%
boys
70%
but
70%
declared
70%
ice
70%
towns
68%
underworld
68%
now
67%
fear
66%
have
66%
age
65%
battle
65%
for
65%
`cause
63%
drowning
63%
thin
63%
sun's
62%
was
62%
death
61%
nuclear
61%
Beatlemania
60%
don't
60%
there
60%
Phony
59%
saw
59%
has
58%
know
58%
wheat
58%
dust
57%
they
57%
too
57%
what
57%
zombies
57%
cupboard
56%
running
56%
zooming
56%
never
55%
some
55%
were
55%
another
54%
bitten
54%
breath
54%
eyes
54%
true
54%
yellowy
54%
stop
53%
growing
52%
can
51%
draw
51%
that
51%
us
51%
while
51%
except
50%
Engines
49%
engines
49%
much
49%
said
49%
shout
49%
wanna
49%
forget
48%
look
48%
talking
48%
ain't
47%
quit
47%
this
47%
alone
46%
brother
46%
felt
46%
got
46%
all
44%
well
43%
with
43%
won't
43%
give
42%
one
42%
comes
40%
get
40%
holding
40%
smile
40%
after
39%
at
39%
era
39%
Meltdown
39%
expected
38%
top
38%
zone
38%
dial
36%
imitation
36%
see
36%
yes
36%
alike
35%
truncheon
35%
swing
34%
thing
34%
nodding
32%
ring
30%
high
23%
No matching quizzes found
Score Distribution
Percent of People with Each Score
Percentile by Number Answered
Your Score History
You have not taken this quiz